Chemie und technologie der paraffin-kohlenwasserstoffe (Record no. 65730)
[ view plain ]
| 000 -LEADER | |
|---|---|
| fixed length control field | 00420nam a2200133 4500 |
| 008 - FIXED-LENGTH DATA ELEMENTS--GENERAL INFORMATION | |
| fixed length control field | 240802b |||||||| |||| 00| 0 eng d |
| 040 ## - CATALOGING SOURCE | |
| Original cataloging agency | National Science Library |
| Transcribing agency | National Science Library |
| 080 ## - UNIVERSAL DECIMAL CLASSIFICATION NUMBER | |
| Universal Decimal Classification number | 661.66:547.21=30 |
| Item number | J6 |
| 100 ## - MAIN ENTRY--PERSONAL NAME | |
| Personal name | Asinger, Friedrich |
| 245 ## - TITLE STATEMENT | |
| Title | Chemie und technologie der paraffin-kohlenwasserstoffe |
| 260 ## - PUBLICATION, DISTRIBUTION, ETC. | |
| Place of publication, distribution, etc. | Berlin: |
| Name of publisher, distributor, etc. | Akademie Verlag, |
| Date of publication, distribution, etc. | 1959 |
| 300 ## - PHYSICAL DESCRIPTION | |
| Extent | xxiv, 719p. |
| 942 ## - ADDED ENTRY ELEMENTS (KOHA) | |
| Source of classification or shelving scheme | Universal Decimal Classification |
| Koha item type | Books |
| Withdrawn status | Lost status | Source of classification or shelving scheme | Damaged status | Not for loan | Home library | Current library | Shelving location | Date acquired | Total Checkouts | Full call number | Barcode | Date last seen | Price effective from | Koha item type |
|---|---|---|---|---|---|---|---|---|---|---|---|---|---|---|
| Universal Decimal Classification | National Science Library | National Science Library | SF/RK-B2/C-10/R-3 | 09/08/2004 | 661.66:547.21=30, J6 | 189791 | 02/08/2024 | 09/08/2004 | Books |